Kosko cuadernos de Arte y Literatura / (Record no. 22044)

000 -CABECERA
fixed length control field 00957nam a22002777a 4500
003 - IDENTIFICADOR DEL NÚMERO DE CONTROL
control field AR-CdUCM
008 - DATOS DE LONGITUD FIJA--INFORMACIÓN GENERAL
fixed length control field 190515b ||||| |||| 00| 0 spa d
040 ## - FUENTE DE LA CATALOGACIÓN
Agencia/entidad que catalogó originalmente la obra MUNICIPALIDAD PROVINCIAL DEL CUSCO
Entidad que transcribió la catalogación BIBLIOTECA MUNICIPAL DEL CUSCO
082 ## - NÚMERO DE LA CLASIFICACIÓN DECIMAL DEWEY
No. de Clasificación Kosko/N°1/1967
245 ## - MENCIÓN DE TÍTULO
Título Kosko cuadernos de Arte y Literatura /
Mención de responsabilidad Luis Nieto Miranda, director
260 ## - PUBLICACIÓN, DISTRIBUCIÓN, ETC.
Lugar de publicación, distribución, etc. Cusco :
Nombre de la editorial, distribuidor, etc. Gutenberg,
Fecha de publicación, distribución, etc. 1967.
300 ## - DESCRIPCIÓN FÍSICA
Nº de Páginas Extensión 42 páginas. :
Dimensiones 21 cm.
440 ## - MENCIÓN DE SERIE/PUNTO DE ACCESO ADICIONAL--TÍTULO
Título Kosko cuadernos de Arte y Literatura.
Número de la parte/sección de una obra Año I, N°1, 1967
9 (RLIN) 47252
505 ## - NOTA DE CONTENIDO CON FORMATO
Nota de contenido formateada Contenido: Poemas
650 ## - PUNTO DE ACCESO ADICIONAL DE MATERIA--TÉRMINO DE MATERIA
Descriptor Poesía cusqueña
9 (RLIN) 2323
650 ## - PUNTO DE ACCESO ADICIONAL DE MATERIA--TÉRMINO DE MATERIA
Descriptor Poetas cusqueños
9 (RLIN) 5956
650 ## - PUNTO DE ACCESO ADICIONAL DE MATERIA--TÉRMINO DE MATERIA
Descriptor Literatura cusqueña
9 (RLIN) 47253
700 ## - PUNTO DE ACCESO ADICIONAL--NOMBRE DE PERSONA
Nombre Personal Nieto Miranda, Luis
9 (RLIN) 31822
700 ## - PUNTO DE ACCESO ADICIONAL--NOMBRE DE PERSONA
Nombre Personal Alencastre, Andrés
9 (RLIN) 47045
700 ## - PUNTO DE ACCESO ADICIONAL--NOMBRE DE PERSONA
Nombre Personal Aguilar, Rafael
9 (RLIN) 17799
700 ## - PUNTO DE ACCESO ADICIONAL--NOMBRE DE PERSONA
Nombre Personal Brozovich, Raúl
9 (RLIN) 47254
700 ## - PUNTO DE ACCESO ADICIONAL--NOMBRE DE PERSONA
Nombre Personal Pérez Ocampo, Gustavo
9 (RLIN) 47255
942 ## - ELEMENTOS DE PUNTO DE ACCESO ADICIONAL (KOHA)
Fuente de clasificación
Tipo de item Revistas cusqueñas
945 ## - PROCESAMIENTO DE INFORMACIÓN LOCAL (OCLC)
Catalogador vhl
Holdings
Estado de retiro (separado) Fuente de clasificación o esquema de estanterías Estado dañado Ubicación Sala donde se ubica Nombre de la colección Fecha de adquisición o compra Costo, precio normal en soles Signatura topográfica Código de Barras Última vez visto (Koha) Tipo de ítem (Koha)
No     Sala Hemeroteca Sala Hemeroteca Book Cart 2022-02-21 5.00 Kosko/N°1/1967 REVC000589 2022-02-21 Revistas cusqueñas
No     Sala Hemeroteca Sala Hemeroteca Book Cart 2022-02-21 5.00 Kosko/N°1/1967/e.2 REVC000908 2022-02-21 Revistas cusqueñas

Powered by Koha